The political economy of bad data: evidence from African survey and administrative statistics (Record no. 109093)

000 -LEADER
fixed length control field 00528pab a2200169 454500
008 - FIXED-LENGTH DATA ELEMENTS--GENERAL INFORMATION
fixed length control field 180718b2015 xxu||||| |||| 00| 0 eng d
100 ## - MAIN ENTRY--PERSONAL NAME
Personal name Sandefur, Justin
245 ## - TITLE STATEMENT
Title The political economy of bad data: evidence from African survey and administrative statistics
260 ## - PUBLICATION, DISTRIBUTION, ETC.
Date of publication, distribution, etc. 2015
300 ## - PHYSICAL DESCRIPTION
Extent p.116-132.
362 ## - DATES OF PUBLICATION AND/OR SEQUENTIAL DESIGNATION
Dates of publication and/or sequential designation Feb
650 ## - SUBJECT ADDED ENTRY--TOPICAL TERM
Topical term or geographic name entry element Economic and social development - africa
650 ## - SUBJECT ADDED ENTRY--TOPICAL TERM
Topical term or geographic name entry element Economic and social development
700 ## - ADDED ENTRY--PERSONAL NAME
Personal name Glassman, Amanda
773 ## - HOST ITEM ENTRY
Main entry heading Journal of Development Studies
909 ## -
-- 109098
Holdings
Withdrawn status Lost status Damaged status Not for loan Permanent Location Current Location Date acquired Serial Enumeration / chronology Barcode Date last seen Price effective from Koha item type
        Indian Institute of Public Administration Indian Institute of Public Administration 2018-07-19 Volume no: 51, Issue no: 2 AR109558 2018-07-19 2018-07-19 Articles

Powered by Koha